000 nam a22 7a 4500
999 _c128983
_d128983
008 190213b xxu||||| |||| 00| 0 eng d
050 _aSPC. DL21.O52
100 _aOlsen, Olaf
_944612
245 _aFive Viking ships from Roskilde Fjord
_cOlaf olsen and Ole Crumlin-Pedersen
260 _aCopenhagen
_bThe National Museum
_c1978
300 _a136p. ;
_c20cm.
650 _aShips, Vikings
_944613
651 _aDenmark
_xAntiquities
_944092
700 _aCrumlin-Pedersen, Ole
_944614
700 _aBluestone, Barbara (tr.)
_944615
942 _2lcc
_cSPC